|
|
|
|
| LEADER |
01065naa a2200205 i 4500 |
| 001 |
acta83064 |
| 005 |
20240116142343.0 |
| 008 |
240116s2019 hu o 1|| hun d |
| 040 |
|
|
|a SZTE Egyetemi Kiadványok Repozitórium
|b hun
|
| 041 |
|
|
|a hun
|
| 100 |
1 |
|
|a Dávid Benjámin
|
| 245 |
1 |
0 |
|a I. és II. világháborús veszteségkutatások felhasználásának lehetőségei a történettudományi kutatásokban
|h [elektronikus dokumentum] :
|b [absztrakt] /
|c Dávid Benjámin
|
| 260 |
|
|
|c 2019
|
| 300 |
|
|
|a 40
|
| 490 |
0 |
|
|a Móra Kárpát-medencei Interdiszciplináris Szakkollégiumi Konferencia
|v 3
|
| 650 |
|
4 |
|a Bölcsészettudományok
|
| 650 |
|
4 |
|a Történettudomány és régészet
|
| 695 |
|
|
|a Világháború - 1. - Magyarország - veszteségek - kutatás - előadáskivonat, Világháború - 2. - Magyarország - veszteségek - kutatás - előadáskivonat
|
| 711 |
|
|
|a III. Móra Interdiszciplináris Kárpát-medencei Szakkollégiumi Konferencia
|c Szeged
|d 2019. december 6-8.
|
| 856 |
4 |
0 |
|u http://acta.bibl.u-szeged.hu/83064/1/morakonf_2019_040.pdf
|z Dokumentum-elérés
|